000 00354pab a2200157 454500
008 180718b2009 xxu||||| |||| 00| 0 eng d
100 _aSeale, Andy
245 _aHeteronormativity and HIV in Sub-Saharan Africa
260 _c2009
300 _ap.84-90.
362 _aMar
650 _aAIDS
773 _aDevelopment
908 _aN
909 _a82747
999 _c82747
_d82747